000 00522nam a2200193 4500
001 116845
003 ES-MaACL
005 20230906190758.0
007 t|
008 061121s1908 fr r ||||1| fre d
100 1 _aPaviot, Jean M.
_989682
245 1 0 _aPrécis de diagnostic médical et de séméiologie /
_cpar J. M. Paviot.
260 _aParis :
_bOctave Doin,
_c1908.
300 _aIII, 1253 p. ;
_c18 cm.
490 1 _aTestut
830 0 _aTestut
_9184112
852 _aES-MaACL
_jF-2571
999 _c116845
_d116845